| 000 | 00441nam a2200169Ia 4500 | ||
|---|---|---|---|
| 001 | 24563 | ||
| 005 | 20260414151052.0 | ||
| 008 | 260414t2009||||xx |||||||||||||| ||spa|| | ||
| 041 | _aESP | ||
| 082 |
_a345.721 _bB141 V. 10 |
||
| 100 |
_aCastillo Freyre, Mario _eAUT |
||
| 245 | 0 |
_aDerecho internacional económico y de las inversiones internacionales _b |
|
| 260 | _c2009 | ||
| 650 | _aDER | ||
| 654 | _aCDE | ||
| 942 |
_cLIB _dJUS _fJUS _2ddc _n |
||
| 999 |
_c24563 _d24563 |
||